Library Logo

Pioneer International University Library Catalogue

The World Book encyclopedia. (Record no. 4852)

MARC details
000 -LEADER
fixed length control field 00492nam a2200169 a 4500
005 - DATE AND TIME OF LATEST TRANSACTION
control field 20250901165507.0
008 - FIXED-LENGTH DATA ELEMENTS--GENERAL INFORMATION
fixed length control field 830531s1984 ilua be 001 0deng
010 ## - LIBRARY OF CONGRESS CONTROL NUMBER
LC control number 83050030
020 ## - INTERNATIONAL STANDARD BOOK NUMBER
International Standard Book Number 0716600846 (set)
050 00 - LIBRARY OF CONGRESS CALL NUMBER
Classification number AE5 .W55 1984
Item number .W55 1984
082 00 - DEWEY DECIMAL CLASSIFICATION NUMBER
Classification number 031
Edition information 19
245 04 - TITLE STATEMENT
Title The World Book encyclopedia.
260 ## - PUBLICATION, DISTRIBUTION, ETC.
Place of publication, distribution, etc. Chicago :
Name of publisher, distributor, etc. World Book,
Date of publication, distribution, etc. c1984.
300 ## - PHYSICAL DESCRIPTION
Extent 24 v. :
Other physical details ill. (some col.) ;
Dimensions 26 cm.
500 ## - GENERAL NOTE
General note British Isles suppl. (2 v.) numbered as v. 23-24.
942 ## - ADDED ENTRY ELEMENTS (KOHA)
Source of classification or shelving scheme Library of Congress Classification
Holdings
Withdrawn status Lost status Source of classification or shelving scheme Damaged status Not for loan Home library Current library Shelving location Date acquired Total checkouts Full call number Barcode Date last seen Price effective from Koha item type
    Library of Congress Classification     Main Library Main Library   05/13/2021   AE5 .W55 1984 PIU0012142 05/13/2021 05/13/2021 Books